[Event "Challenge"]
[Site "http://www.queenalice.com/game.php?id=188236"]
[Date "2007.3.26"]
[Round "-"]
[White "fpenha"]
[Black "craudio"]
[Result "0-1"]
[WhiteElo "927"]
[BlackElo "1188"]

1. e4 c5 2. Bb5 a6 3. Ba4 Nf6 4. Qf3 b5 5. Bb3 c4 6. e5 Ng8 7. a4 cxb3 8. axb5
bxc2 9. Nc3 axb5 10. Na2 e6 11. Qb3 Qc7 12. Nf3 h5 13. Nd4 Na6 14. Nxc2 Qxe5+
15. Ne3 Nb4 16. Qc3 Qxc3 17. dxc3 Nxa2 18. Bd2 Rh6 19. Ng4 hxg4 20. Bxh6 gxh6
21. f4 Bb7 22. h3 gxh3 23. Rxh3 Bxg2 24. Rg3 Be4 25. Rxg8 b4 26. cxb4 Rb8 27.
Rxa2 Bh7 28. b5 Bxg8 29. b6 Rxb6 30. Ra8+ Ke7 31. Ra2 h5 32. Ra3 Bg7 33. Ra8 Bh7
34. Ra2 h4 35. f5 h3 36. fxe6 h2 37. exf7 Kxf7 38. Ra3 h1=Q+ 39. Ke2 Bh6 40.
Rf3+ Rf6 41. Rg3 Qf1# 0-1

[Event "Bora Sispl"]
[Site "http://www.queenalice.com/game.php?id=188297"]
[Date "2007.3.27"]
[Round "-"]
[White "groo"]
[Black "craudio"]
[Result "1-0"]
[WhiteElo "1329"]
[BlackElo "1190"]

1. e4 e5 2. Bc4 Nf6 3. Qf3 c6 4. d3 Qa5+ 5. Nc3 Bb4 6. Bd2 O-O 7. Qg3 Nh5 8. Qg4
g6 9. a3 d6 10. Qf3 Nd7 11. Bh6 Ndf6 12. Bxf8 Kxf8 13. g4 Nf4 14. g5 N6h5 15.
O-O-O Bc5 16. Nh3 Bxh3 17. Ne2 Nxe2+ 18. Qxe2 Nf4 19. Qf3 b5 20. Bb3 d5 21. d4
Bg2 22. Qe3 Bxd4 23. Qg3 Qb6 24. Qg4 Bxf2 25. Qd7 dxe4 26. Qxf7# 1-0

[Event "Challenge"]
[Site "http://www.queenalice.com/game.php?id=188727"]
[Date "2007.3.28"]
[Round "-"]
[White "craudio"]
[Black "danabreu"]
[Result "1-0"]
[WhiteElo "1153"]
[BlackElo "1100"]

1. e4 d6 2. Nc3 g5 3. Nf3 f6 4. d4 Bh6 5. a4 a6 6. g3 Nc6 7. Ra3 e5 8. dxe5 dxe5
9. Nd5 Nge7 10. Rd3 Rf8 11. b3 b5 12. Ba3 g4 13. Nxe7 Nd4 14. Nxd4 exd4 15. Rxd4
Bd7 16. Nc6 Qc8 17. axb5 axb5 18. Ne7 Qa6 19. Rxd7 Qxa3 20. Bxb5 Qc5 21. c4 Ra5
22. Bc6 Rf7 23. Ng8 Rxd7 24. Bxd7+ Kf7 25. Nxh6+ Ke7 26. Nf5+ Kf8 27. Qd2 Ra1+
28. Ke2 Rxh1 29. Qa2 Kf7 30. Qa8 Qf8 31. Qd5+ Kg6 32. e5 Qd8 33. e6 Qe7 34.
Nxe7+ Kh6 35. Qxh1 Kg7 36. Qb1 c6 37. Qf5 h5 38. Ng6 h4 39. e7 h3 40. e8=Q c5
41. Qh8+ Kf7 42. Qfxf6# 1-0

[Event "hihihihihi"]
[Site "http://www.queenalice.com/game.php?id=188734"]
[Date "2007.3.28"]
[Round "-"]
[White "gamnascimento"]
[Black "craudio"]
[Result "0-1"]
[WhiteElo "975"]
[BlackElo "1223"]

1. e4 e5 2. Nf3 b6 3. Nxe5 Nf6 4. Bc4 Nxe4 5. Nxf7 Qe7 6. Nxh8 Nd6+ 7. Kf1 Nxc4
8. Qh5+ g6 9. Qh4 Qxh4 10. d3 Qh5 11. dxc4 Qd1# 0-1

[Event "hihihihihi"]
[Site "http://www.queenalice.com/game.php?id=188744"]
[Date "2007.3.28"]
[Round "-"]
[White "gamnascimento"]
[Black "craudio"]
[Result "1-0"]
[WhiteElo "967"]
[BlackElo "1086"]

1. Nf3 d5 2. Nc3 Nc6 3. e4 e6 4. d4 dxe4 5. Ne5 Nxd4 6. Qh5 g6 7. Qd1 Bd6 8.
Qxd4 c5 9. Qxe4 Qc7 10. Nb5 Qa5+ 11. c3 Bb8 12. Be3 f5 13. Qd3 Bxe5 14. Bxc5 a6
15. b4 Qa4 16. Qe3 axb5 17. Qxe5 b6 18. Qxh8 bxc5 19. Qxg8+ Ke7 20. Qxh7+ Kf6
21. Qg8 cxb4 22. cxb4 Qxb4+ 23. Kd1 Qd4+ 24. Kc1 Qxa1+ 25. Kd2 Rxa2+ 26. Ke3
Qc3+ 27. Bd3 Qd2+ 28. Kd4 Ra4+ 29. Kc5 Qc3+ 30. Kxb5 Qc4+ 31. Bxc4 Ba6+ 32. Kb6
Bxc4 33. Qd8+ Ke5 34. Re1+ Kf4 35. Qd2+ Kg4 36. Qd4+ Kg5 37. h4+ Kh6 38. Qh8#
1-0

[Event "Challenge"]
[Site "http://www.queenalice.com/game.php?id=188961"]
[Date "2007.3.28"]
[Round "-"]
[White "bonzinho"]
[Black "craudio"]
[Result "1-0"]
[WhiteElo "1120"]
[BlackElo "1196"]

1. e4 Nc6 2. Bc4 b5 3. Bxb5 Nd4 4. Bc4 Nh6 5. c3 Nc6 6. Nf3 e6 7. d3 Qf6 8. Bg5
Qg6 9. h4 Ng4 10. h5 Qxg5 11. Nxg5 Rb8 12. Qxg4 Rxb2 13. Qf4 Bd6 14. Qxf7+ Kd8
15. Nxh7 Rxh7 16. Qg8+ Ke7 17. Qxh7 Bf4 18. Qxg7+ Kd6 19. Qf8+ Ne7 20. Qxf4+ e5
21. Qf6+ Kc5 22. Qxe7+ Kb6 23. O-O Bb7 24. Na3 Bc6 25. Rfb1 Rxb1+ 26. Rxb1+ Ka5
27. Rb4 d6 28. Qxc7# 1-0

[Event "Challenge"]
[Site "http://www.queenalice.com/game.php?id=189149"]
[Date "2007.3.29"]
[Round "-"]
[White "craudio"]
[Black "gaspar_jr"]
[Result "0-1"]
[WhiteElo "1040"]
[BlackElo "1248"]

1. Nf3 Nc6 2. d4 e6 3. Nc3 Bb4 4. a3 Bd6 5. Bg5 f6 6. Be3 e5 7. dxe5 fxe5 8. g3
Nf6 9. Bh3 O-O 10. b4 e4 11. Nh4 Nh5 12. Nxe4 Qe7 13. Nf5 Qxe4 14. Nxd6 Qxh1+
15. Kd2 Qd5+ 16. Ke1 Qh1+ 17. Kd2 Qd5+ 18. Kc1 Qe5 19. Nxc8 Qxa1+ 20. Kd2 Qxa3
21. Ke1 Raxc8 22. Qd5+ Kh8 23. Bxd7 Qc3+ 24. Kd1 Rcd8 25. Bd2 Qa1+ 0-1

[Event "Challenge"]
[Site "http://www.queenalice.com/game.php?id=189700"]
[Date "2007.3.30"]
[Round "-"]
[White "mogerio"]
[Black "craudio"]
[Result "1-0"]
[WhiteElo "1207"]
[BlackElo "1053"]

1. e4 e5 2. d3 Qf6 3. Nf3 h6 4. Nc3 Na6 5. Be2 g6 6. O-O Nc5 7. d4 exd4 8. Nd5
Qg7 9. e5 d6 10. exd6 cxd6 11. Nc7+ Kd7 12. Nxa8 Be7 13. c3 dxc3 14. bxc3 1-0

[Event "Challenge"]
[Site "http://www.queenalice.com/game.php?id=189702"]
[Date "2007.3.30"]
[Round "-"]
[White "gamnascimento"]
[Black "craudio"]
[Result "0-1"]
[WhiteElo "986"]
[BlackElo "1038"]

1. e4 e5 2. Be2 b6 3. Nf3 Qf6 4. O-O d5 5. Nc3 dxe4 6. Nd5 Qh6 7. Nxc7+ Kd8 8.
Nxa8 exf3 9. Bxf3 Bd6 10. Qe2 e4 11. Qxe4 Qxh2# 0-1

[Event "Challenge"]
[Site "http://www.queenalice.com/game.php?id=189723"]
[Date "2007.3.30"]
[Round "-"]
[White "gamnascimento"]
[Black "craudio"]
[Result "1-0"]
[WhiteElo "1255"]
[BlackElo "1030"]

1. g4 g6 2. g5 c5 3. Nf3 h6 4. Nc3 hxg5 5. Nxg5 Bh6 6. Nce4 f6 7. Nh3 b6 8. d3
Nc6 9. Qd2 Nb4 10. d4 Bxd2+ 11. Kxd2 Rh4 12. Rg1 Rxe4 13. Rxg6 Kf7 14. f3 Rxd4+
15. Ke3 Kxg6 16. Nf4+ Kf7 17. c3 Nc2+ 18. Kf2 Rd1 19. Rb1 Nh6 20. e4 Qg8 21. e5
fxe5 22. Bd3 Ne1 23. Ng6 Nxd3+ 24. Ke2 Rxc1 25. Kxd3 Rxb1 26. Nxe5+ Ke8 27. b4
Rd1+ 28. Kc2 Qg1 29. bxc5 Rc1+ 30. Kb2 Ba6 31. c6 dxc6 32. Nxc6 Qd1 33. Nb4 Qd2+
34. Ka3 Qxc3+ 35. Ka4 b5+ 36. Ka5 Qc8 37. Nxa6 Rc4 38. h4 Rc6 39. Nb4 1-0

[Event "Challenge"]
[Site "http://www.queenalice.com/game.php?id=189724"]
[Date "2007.3.30"]
[Round "-"]
[White "gamnascimento"]
[Black "craudio"]
[Result "0-1"]
[WhiteElo "986"]
[BlackElo "1101"]

1. Nc3 c5 2. d3 d6 3. Be3 Nf6 4. f3 g6 5. f4 b5 6. d4 cxd4 7. Bxd4 Bh6 8. e3 Nc6
9. Bxb5 Bb7 10. Qd3 O-O 11. e4 Nxd4 12. Qxd4 Bxf4 13. Nh3 Be5 14. Qd3 Rc8 15. g4
Qa5 16. g5 Rxc3 17. bxc3 Bxc3+ 18. Kd1 Bxa1 19. gxf6 Bxf6 20. Nf4 Rc8 21. h4 Rc3
22. Qd5 Bxd5 23. exd5 Qxb5 24. h5 Qb1+ 25. Kd2 Qxc2+ 26. Ke1 Qe4+ 27. Kd2 Qe3+
28. Kd1 Rc1# 0-1

[Event "Challenge"]
[Site "http://www.queenalice.com/game.php?id=190819"]
[Date "2007.4.2"]
[Round "-"]
[White "marvin"]
[Black "craudio"]
[Result "1-0"]
[WhiteElo "1272"]
[BlackElo "1096"]

1. e4 e5 2. d4 Qf6 3. Nf3 exd4 4. Nxd4 Bc5 5. Be3 Nh6 6. c3 d6 7. b4 Bb6 8. Na3
Ng4 9. Qf3 O-O 10. Bd3 c5 11. Nf5 Ne5 12. Qd1 cxb4 13. cxb4 Qg6 14. O-O Ng4 15.
Bd4 Nc6 16. Bxg7 Qh5 17. h3 Nf6 18. Bxf6 Qg6 19. Bh4 Nxb4 20. Ne7+ Kg7 21. Nxg6
Kxg6 22. Be2 Re8 23. Qxd6+ 1-0

[Event "Challenge"]
[Site "http://www.queenalice.com/game.php?id=191155"]
[Date "2007.4.3"]
[Round "-"]
[White "craudio"]
[Black "laudimf"]
[Result "0-1"]
[WhiteElo "1082"]
[BlackElo "1489"]

1. e4 e6 2. d4 d5 3. exd5 Qxd5 4. c4 Qe4+ 5. Be2 Qxg2 6. d5 Qxh1 7. dxe6 Qxg1+
8. Bf1 Bb4+ 9. Bd2 Bxd2+ 10. Nxd2 Bxe6 11. Qe2 Qxh2 12. O-O-O Ne7 13. Nf3 Qf4+
14. Rd2 Bxc4 15. Qd1 Bxf1 16. Qxf1 Qxf3 17. Kb1 O-O 18. Rd3 Qe4 19. Qd1 Rd8 20.
Kc2 Rxd3 21. Qxd3 Qxd3+ 22. Kxd3 h5 23. Ke3 h4 24. Kf3 g5 25. Kg2 g4 26. f3 f5
27. a3 h3+ 28. Kh2 Nbc6 29. b3 Nd4 30. Kg3 Nxf3 31. Kf2 f4 32. a4 Nf5 33. b4
N5h4 34. a5 g3+ 0-1